Statistieken voor FIFA Wereldbeker gaststeden

Klik hier om de quiz te nemen!

Algemene statistieken

  • Deze quiz is 49 keer genomen
  • De gemiddelde score is 15 van 37

Antwoordstatistieken

Country#City% Correct
France20Parijs
78%
England10Londen
76%
Germany9Berlijn
73%
Brazil15Rio de Janeiro
71%
Germany11Munchen
69%
Italy9Rome
67%
France9Marseille
64%
Mexico23Mexico-Stad
62%
Russia12Moskou
62%
Brazil12São Paulo
62%
Qatar15Doha
60%
Italy9Milaan
60%
Argentina12Buenos Aires
58%
Germany8Hamburg
58%
Germany10Dortmund
56%
Spain8Barcelona
53%
Germany10Frankfurt
49%
South Africa8Kaapstad
47%
Uruguay18Montevideo
42%
France8Bordeaux
38%
South Africa15Johannesburg
38%
United States8Los Angeles
36%
Sweden8Stockholm
33%
Germany10Gelsenkirchen
31%
Mexico17Guadalajara
29%
Chile10Santiago
29%
Germany9Hannover
22%
Germany10Stuttgart
22%
Brazil9Belo Horizonte
16%
Argentina8Cordoba
13%
South Africa8Port Elizabeth
7%
Mexico8Puebla
7%
Qatar10Lusail
4%
Mexico11León
2%
Chile8Valparaíso
2%
Qatar12Al Khor
0%
Qatar20Al Rayyan
0%

Scoreverdeling

Percentiel versus Aantal Correcte Antwoorden

Procent van Mensen met Elke Score

Uw Scoregeschiedenis

U heeft deze quiz nog niet genomen